000 00741nam a2200265Ia 4500
003 OSt
005 20220925220712.0
006 a|||||r|||| 00| 0
007 ta
008 220923b |||||||| |||| 00| 0 eng d
037 _cGeneral Book
040 _aRTL
_cRTL
_beng
041 _2eng
_aeng
082 _aX9:2.3.N8, M7
100 _aBosworth Derek
_9285189
245 0 _aWorking below capacity
260 _aLondon
_bMacmillan
_c1987
300 _axxvii,442p
_ccm.
490 _v0-333-41388-1
500 _aBibliography chapterwise
650 _aProduction
700 _a Heathfield David F
_9151314
942 _hX9:2.3.N8, M7
_cGB
_2CC
999 _c572124
_d572124